000 00354 a2200157 4500
001 162898
020 _a
040 _cMagnum
100 _aSouza, Flavio de
240 1 0 _aA mae da menina e a menina da mae
_lpor
245 1 0 _aA mae da menina e a menina da mae
362 0 _a1899
440 1 _aFTD
697 _aIJ/SOCIEDADE COTIDIANO
942 _cBK
999 _c162898
_d162898